<?xml version="1.0" encoding="UTF-8"?>
<record
    xmlns:xsi="http://www.w3.org/2001/XMLSchema-instance"
    xsi:schemaLocation="http://www.loc.gov/MARC21/slim http://www.loc.gov/standards/marcxml/schema/MARC21slim.xsd"
    xmlns="http://www.loc.gov/MARC21/slim">

  <leader>01812nam a22003497a 4500</leader>
  <controlfield tag="005">20170729020002.0</controlfield>
  <controlfield tag="008">150916b2015    ck ||||fr|||| 00| 0 spa d</controlfield>
  <datafield tag="020" ind1=" " ind2=" ">
    <subfield code="a">9789588889739</subfield>
  </datafield>
  <datafield tag="040" ind1=" " ind2=" ">
    <subfield code="a">CO-BoIAVH </subfield>
    <subfield code="c">CO-BoIAVH </subfield>
  </datafield>
  <datafield tag="041" ind1="0" ind2=" ">
    <subfield code="a">spa</subfield>
  </datafield>
  <datafield tag="044" ind1=" " ind2=" ">
    <subfield code="a">ck</subfield>
  </datafield>
  <datafield tag="082" ind1="0" ind2="4">
    <subfield code="a">307.1</subfield>
    <subfield code="b">R74g</subfield>
  </datafield>
  <datafield tag="100" ind1="1" ind2=" ">
    <subfield code="a">Rojas Albarrac&#xED;n, Alberto</subfield>
  </datafield>
  <datafield tag="245" ind1="1" ind2=" ">
    <subfield code="a">Gu&#xED;a de trabajo con comunidades de p&#xE1;ramo.</subfield>
    <subfield code="b">Propuesta metodol&#xF3;gica de Investigaci&#xF3;n Acci&#xF3;n Participativa (IAP) aplicada con dos comunidades campesinas de los p&#xE1;ramos de Guerrero y Rabanal</subfield>
  </datafield>
  <datafield tag="260" ind1=" " ind2=" ">
    <subfield code="a">Bogot&#xE1; (Colombia):</subfield>
    <subfield code="b">ARFO,</subfield>
    <subfield code="c">2015.</subfield>
  </datafield>
  <datafield tag="300" ind1=" " ind2=" ">
    <subfield code="a">164 p&#xE1;ginas :</subfield>
    <subfield code="b">mapas, ilustraciones y fotograf&#xED;as a color ;</subfield>
    <subfield code="c">24 cm.</subfield>
  </datafield>
  <datafield tag="504" ind1=" " ind2=" ">
    <subfield code="a">Incluye referencias bibliogr&#xE1;ficas (P&#xE1;ginas 162-164).</subfield>
  </datafield>
  <datafield tag="505" ind1="0" ind2=" ">
    <subfield code="a">1. &#xBF;Qu&#xE9; y c&#xF3;mo es el p&#xE1;ramo?
2. &#xBF;Qui&#xE9;n es y c&#xF3;mo es la gente del p&#xE1;ramo?
3. &#xBF;C&#xF3;mo y de qu&#xE9; vive la gente del p&#xE1;ramo?
4. &#xBF;Qu&#xE9; expectativas tienen los habitantes sobre el buen vivir en el p&#xE1;ramo?
5. &#xBF;C&#xF3;mo son valorados los servicios ecosist&#xE9;micos del p&#xE1;ramo en los sistemas de vida de sus pobladores?</subfield>
  </datafield>
  <datafield tag="650" ind1=" " ind2="4">
    <subfield code="a">Sociedad</subfield>
    <subfield code="z">P&#xE1;ramo de Rabanal (Boyac&#xE1;, Colombia)</subfield>
  </datafield>
  <datafield tag="650" ind1=" " ind2="4">
    <subfield code="a">Comunidades campesinas</subfield>
    <subfield code="z">P&#xE1;ramo de Rabanal (Boyac&#xE1;, Colombia)</subfield>
  </datafield>
  <datafield tag="650" ind1=" " ind2="4">
    <subfield code="a">Comunidades campesinas</subfield>
    <subfield code="y">P&#xE1;ramo de Guerrero (Boyac&#xE1;, Colombia)</subfield>
  </datafield>
  <datafield tag="650" ind1=" " ind2="4">
    <subfield code="a">P&#xE1;ramo de Rabanal</subfield>
    <subfield code="x">Conservaci&#xF3;n</subfield>
  </datafield>
  <datafield tag="650" ind1=" " ind2="4">
    <subfield code="a">P&#xE1;ramo de Rabanal</subfield>
    <subfield code="x">Uso</subfield>
  </datafield>
  <datafield tag="650" ind1=" " ind2="4">
    <subfield code="a">P&#xE1;ramo de Guerrero</subfield>
    <subfield code="x">Uso</subfield>
  </datafield>
  <datafield tag="650" ind1=" " ind2="4">
    <subfield code="a">P&#xE1;ramo de Guerrero</subfield>
    <subfield code="x">Conservaci&#xF3;n</subfield>
  </datafield>
  <datafield tag="650" ind1=" " ind2="4">
    <subfield code="a">Desarrollo rural</subfield>
    <subfield code="x">Aspectos ambientales</subfield>
  </datafield>
  <datafield tag="700" ind1="1" ind2=" ">
    <subfield code="a">Osejo Varona, Alejandra</subfield>
  </datafield>
  <datafield tag="700" ind1="1" ind2=" ">
    <subfield code="a">Duarte Abad&#xED;a, Bibiana</subfield>
  </datafield>
  <datafield tag="700" ind1="1" ind2=" ">
    <subfield code="a">Franco Pi&#xF1;eros, Bibiana</subfield>
  </datafield>
  <datafield tag="700" ind1="1" ind2=" ">
    <subfield code="a">Menjura Morales, Tatiana</subfield>
  </datafield>
  <datafield tag="942" ind1=" " ind2=" ">
    <subfield code="2">ddc</subfield>
    <subfield code="c">LIBRO</subfield>
    <subfield code="0">5</subfield>
  </datafield>
  <datafield tag="999" ind1=" " ind2=" ">
    <subfield code="c">17769</subfield>
    <subfield code="d">17769</subfield>
  </datafield>
  <datafield tag="952" ind1=" " ind2=" ">
    <subfield code="0">0</subfield>
    <subfield code="1">0</subfield>
    <subfield code="2">ddc</subfield>
    <subfield code="4">0</subfield>
    <subfield code="7">0</subfield>
    <subfield code="8">HUMBOLDT</subfield>
    <subfield code="I">INV2017</subfield>
    <subfield code="a">Bogota</subfield>
    <subfield code="b">Bogota</subfield>
    <subfield code="d">2015-09-16</subfield>
    <subfield code="e">Instituto</subfield>
    <subfield code="g">39000.00</subfield>
    <subfield code="l">12</subfield>
    <subfield code="o">IAVH-307.1 R74g</subfield>
    <subfield code="p">039227</subfield>
    <subfield code="r">2019-09-30 00:00:00</subfield>
    <subfield code="s">2019-09-30</subfield>
    <subfield code="t">Ej. 1</subfield>
    <subfield code="w">2015-09-16</subfield>
    <subfield code="x">Institucional</subfield>
    <subfield code="y">LIBRO</subfield>
  </datafield>
  <datafield tag="952" ind1=" " ind2=" ">
    <subfield code="0">0</subfield>
    <subfield code="1">0</subfield>
    <subfield code="2">ddc</subfield>
    <subfield code="4">0</subfield>
    <subfield code="7">0</subfield>
    <subfield code="8">HUMBOLDT</subfield>
    <subfield code="I">INV2017</subfield>
    <subfield code="a">Venado</subfield>
    <subfield code="b">Venado</subfield>
    <subfield code="d">2015-09-16</subfield>
    <subfield code="e">Instituto</subfield>
    <subfield code="g">39000.00</subfield>
    <subfield code="l">0</subfield>
    <subfield code="o">IAVH-307.1 R74g</subfield>
    <subfield code="p">039228</subfield>
    <subfield code="r">2015-09-16 00:00:00</subfield>
    <subfield code="t">Ej. 2</subfield>
    <subfield code="w">2015-09-16</subfield>
    <subfield code="x">Institucional</subfield>
    <subfield code="y">LIBRO</subfield>
  </datafield>
</record>
